000 00354nam a2200097Ia 4500
008 240331s9999 xx 000 0 und d
082 _bJEB
100 _aJebanesan, S
245 4 _aThe development of Tamilian thought in the nineteenth century Sri Lanka :
_bThe contribution of the higher educational enterprise of the American Missionaries-Thesis
942 _cL
999 _c3210
_d3210